000 00309nam a22001217a 4500
008 170104b xxu||||| |||| 00| 0 eng d
020 _a9780323014304
041 _aeng
080 _26th ed.
_a618.2
082 _26th ed.
245 _aMOSBY'S MEDICAL NURSING & ALLIED HEALTH DICTIONARY
_cMOSBY
942 _2udc
_cBK
999 _c2520
_d2520